|
|
แสดงรายละเอียดบรรณานุกรม |
|
|
Brief Record
: Get Marc (ISO 2709)
: E-mail record
: |
|
|
| LEADER 00000nam 2200000uu 4500 | |||
| 008 130617s||||||||th 000 0 tha d | |||
| 020 ^a9749235754 | |||
| 041 0 ^atha | |||
| 090 ^aนว ส222ด | |||
| 100 0 ^aสปีนเนล, เจอร์รี่ | |||
| 245 00 ^aเด็กสาวจากดาวใส = Stargirl/^bJerry Spinelli ;จีระนันท์ พิตรปรีชา,แปล | |||
| 260 ^aกรุงเทพฯ :^bแจ่มใส,[ม.ป.ป] | |||
| 300 ^a161 หน้า | |||
| 650 0 ^aนวนิยายแปล | |||
| 700 0 ^aSpinelli, Jerry | |||
| 700 0 ^aจีระนันท์ พิตรปรีชา,ผู้แปล. | |||
| 999 ^aใช้งานได้ทุกระบบ | |||
| คุณยังไม่ได้ล็อกอิน คุณสามารถมีกิจกรรมร่วมกับเว็บไซต์ได้ แต่ต้องล็อกอินก่อน :: |
|
| สถานะ | |||||||||
| 1. | นวนิยาย | นว ส222ด | On Shelf ขอยืม | ||||||
| 2. | นวนิยาย | นว ส222ด ฉ.2 | On Shelf ขอยืม | ||||||
| 3. | นวนิยาย | นว ส222ด ฉ.3 | On Shelf ขอยืม | ||||||
| 4. | นวนิยาย | นว ส222ด ฉ.4 | On Shelf ขอยืม | ||||||
| 5. | นวนิยาย | นว ส222ด ฉ.5 | On Shelf ขอยืม | ||||||
| [แสดง 5/5 รายการ] | |||||||||
BibComment |
| คอมเมนท์ทรัพยากรรายการนี้ |
|
|